Giáo trình tin học lý thuyết & bài tập : ASP 3.0- ASP. Net

Đã lưu trong:
Bibliografiske detaljer
Hovedforfatter: Nguyễn, Phương Lan
Format: Bog
Sprog:Undetermined
Udgivet: Hà Nội Giáo Dục
Fag:
Tags: Tilføj Tag
Ingen Tags, Vær først til at tagge denne postø!
Thư viện lưu trữ: Trung tâm Học liệu Trường Đại học Cần Thơ
LEADER 00593nam a2200193Ia 4500
001 CTU_117565
008 210402s9999 xx 000 0 und d
082 |a 005.276 
082 |b L105 
100 |a Nguyễn, Phương Lan 
245 0 |a Giáo trình tin học lý thuyết & bài tập : 
245 0 |b ASP 3.0- ASP. Net 
245 0 |c Nguyễn Phương Lan 
260 |a Hà Nội 
260 |b Giáo Dục 
650 |a Active server pages,Web sitesactive server pages 
650 |x Design 
904 |i M.Loan 
980 |a Trung tâm Học liệu Trường Đại học Cần Thơ